| 000 | 00439 a2200169 4500 | ||
|---|---|---|---|
| 001 | 81687 | ||
| 020 | _a9780070660854 | ||
| 082 | _a629.1323 AND | ||
| 090 |
_c39810 _d39810 |
||
| 100 | _aJohn D Anderson | ||
| 245 |
_aFundamentals of Aerodynamics 5th/Ed _cJohn D Anderson _hEnglish |
||
| 250 | _a5th | ||
| 260 |
_aNew Delhi _bTata McGraw Hill _c2012 |
||
| 300 | _axxiv 1034 p | ||
| 500 | _aCAE Textbooks | ||
| 505 | _aAHQ Books | ||
| 942 |
_acaenust _k629.1323 AND _cTXT |
||
| 999 |
_c316760 _d316760 |
||